| 000 | 00547nam a2200169Ia 4500 | ||
|---|---|---|---|
| 003 | IN-BaIIA | ||
| 008 | 211028s9999 xx 000 0 eng d | ||
| 040 | _cIIA Library | ||
| 080 |
_a338.98(54) _bMIB |
||
| 110 |
_aIndia. Ministry of Information Broadcasting _910356 |
||
| 245 | 0 |
_aFace of New India _cMinistry of Information Broadcasting |
|
| 260 |
_aNew Delhi _bMinistry of Information and Broadcasting _c1960 |
||
| 300 | _a[various pagings.] | ||
| 650 |
_aIndia-Planning _910357 |
||
| 650 | _aNASA Thesaurus | ||
| 942 | _cBK | ||
| 999 |
_c5971 _d5971 |
||